Представление документа в формате RUSMARC

ПолеНазваниеЗначение
  Тип записи i
  Библиографический уровень j
001 Контрольный номер RU/IS/BASE/423749967
005 Дата корректировки 20231212104801.4
010 Индекс ISBN __
d Цена 263-97; 263-96
101 Язык документа 1_
a Язык текста rus
c Язык оригинала fre
200 Заглавие и сведения об ответственности 1_
a Заглавие Любовь живет три года
e Сведения, относящиеся к заглавию [аудиокнига : роман : 16+]
f Первые сведения об ответственности Фредерик Бегбедер ; [читает гл. ред. журн. GQ Николай Усков ; рук. проекта А. Тарасова ; режиссер и композитор: Б. Соколов ; пер.: Н. Хотинская]
b Общее обозначение материала Звукозапись
210 Выходные данные 1_
a Место издания М.
c Издательство ЭКСМО-Сидиком
c Издательство Sound time
d Дата издания 2008
215 Физическое описание __
a Объем 1 электрон. опт. диск (Audio CD) (02 ч. 53 мин.)
300 Общие примечания __
a Общие примечания MP3 ; 320 кБит/сек ; 44,1 кГц ; CD, VCD, DVD аппаратуре со встроенным декодером МР3
323 Примечание о главных создателях, исполнителях, участниках __
a Примечание о главных создателях, исполнителях, участниках Усков, Н. (читает)
330 Аннотация __
a Аннотация Эстет и сноб, профессиональный рекламщик Фредерик Бегбедер - одна из наиболее заметных фигур в литературном мире. Герой его романа «Любовь живет три года» Марк Марронье после трехлетнего брака влюбляется в другую женщину. Однако он не может окунуться в новые отношения целиком и, веря в свою теорию о том, что любовь живет лишь три года, пытается относиться к ним скептически, ждет приближения роковой даты и разрыва.
333 Примечание о целевом назначении __
a Примечание о целевом назначении 16+. Для детей старше 16 лет
606 Тематические рубрики __
a Основная рубрика Художественная литература
606 Тематические рубрики __
a Основная рубрика Литература Европы (произведения)
y Географическая подрубрика Франция
610 Ключевые слова 0_
a Ключевые слова зарубежная литература; иностранная литература; французская литература; романы; тема любви; тема взаимоотношений; тема чувств
686 Индексы других классификаций __
a Классификационный индекс 84(4Фра)6-4я04
700 Автор _1
a Фамилия Бегбедер
b Имя Ф.
g Полное личное имя Фредерик
4 Код отношения 070
702 Вторичная интеллектуальная ответственность _1
a Фамилия Тарасова
b Имя А.
4 Код отношения Руководитель проекта
4 Код отношения 570
702 Вторичная интеллектуальная ответственность _1
a Фамилия Соколов
b Имя Б.
4 Код отношения Режиссер
4 Код отношения 070
4 Код отношения 230
702 Вторичная интеллектуальная ответственность _1
a Фамилия Хотинская
b Имя Н.
4 Код отношения Переводчик
4 Код отношения 730
801 Источник записи _0
a Страна RU
b Организация Муниципальное бюджетное учреждение культуры "Централизованная библиотечная система" г. Сургут (Центральная городская библиотека им. А. С. Пушкина)
g Правила каталогизации КиК/Лукашук
801 Источник записи _1
a Страна RU
b Организация Муниципальное бюджетное учреждение культуры "Централизованная библиотечная система" г. Сургут (Центральная городская библиотека им. А. С. Пушкина)
g Правила каталогизации КиК/Лукашук
852 Данные о местонахождении __
j Шифр хранения 84(4Фра)6-4я04
i Авторский знак Б 37
901 Тип документа __
t Тип документа 0
903 Характеристики (МАРС) __
a Дата передачи 20130605
969 Тип издания __
a Тип издания аудиокнига; издание для слепых
990 Данные о заказе (DOS) __
j Количество экземпляров (DOS) 7
h N записи в КСУ для Б/У (DOS) 201306